Majmūʻat ʻAbd al-Ghaffār al-Akhras-fī al-shiʻr al-ustādh ʻAbd al-Ghanī al-Jamīl wa-mā qālahu al-Akhras fīh.

Saved in:

Main Author: Akhras, ʻAbd al-Ghaffār ibn ʻAbd al-Wāḥid, approximately 1805-1875 (Author)

Other Authors: ʻAzzāwī, ʻAbbās., Ibn Jamīl, ʻAbd al-Ghanī, 1780-1863.

Format: Book

Language: Arabic

Published: Baghdād : Sharikat al-Tijārah wa-al-Ṭibāʻah al-Maḥdūdah, 1949.

Subjects:

Tags: Add Tag

No Tags, Be the first to tag this record!

Call Number: PJ7810 .K48 M35 1949

LEADER 01770nam a2200337K 4500
001 9905
003 OSt
005 20231126094448.0
008 130303s1949 iq a 000 0 ara d
952 |0 0  |1 0  |2 lcc  |4 0  |6 PJ7810 K48 M35 01949  |7 1  |9 57120  |a ARCE  |b ARCE  |d 2023-11-26  |l 0  |o PJ7810 .K48 M35 1949  |p 1023126  |r 2023-11-26 00:00:00  |w 2023-11-26  |y BK 
999 |c 10390  |d 10390 
035 |a ocm18198071 
040 |c ARCE Library 
050 4 |a PJ7810 .K48 M35 1949 
100 1 |6 880-01  |a Akhras, ʻAbd al-Ghaffār ibn ʻAbd al-Wāḥid,  |d approximately 1805-1875,  |e author 
245 1 0 |6 880-02  |a Majmūʻat ʻAbd al-Ghaffār al-Akhras-fī al-shiʻr al-ustādh ʻAbd al-Ghanī al-Jamīl wa-mā qālahu al-Akhras fīh. 
264 1 |a Baghdād :   |b Sharikat al-Tijārah wa-al-Ṭibāʻah al-Maḥdūdah,   |c 1949. 
300 |a 142 pages :   |b illustrations ;   |c 25 cm. 
500 |a Added cover-title in English. 
500 |a Edited by ʻAbbās al-ʻAzzāwī. 
500 |a Title on page [4] of cover : Collection of Abdul-Ghaffar al-Akhras. 
555 |a .alaa-sweed 
600 1 0 |a Ibn Jamīl, ʻAbd al-Ghanī,  |d 1780-1863. 
650 0 |a Arabic poetry  |x History and criticism.  
700 1 |a ʻAzzāwī, ʻAbbās.  |9 25958 
700 1 |a Ibn Jamīl, ʻAbd al-Ghanī,  |d 1780-1863. 
852 |a IN  |c 20090707085325.0n  |p 9637 
880 1 |6 100-01/(3/r  |a أخرس، عبد الغفار بن عبد الواحد،‪‪‪‪‪‪‪‪‪‪‪‪‪‪‪‪‪  |d حوالي 1805-1875.‪‪‪‪‪‪‪‪‪‪‪‪‪‪‪‪‪ 
880 1 0 |6 245-02/(3/r  |a مجموعة عبد الغفار الأخرس في شعر الأستاذ عبد الغنى الجميل و ما قاله الأخرس فيه. ‪‪‪‪‪‪‪‪‪‪‪‪‪‪‪‪‪ 
901 |a reviewed 
942 |c BK  |2 lcc